Paramore - Rose Colored Boy Lyrics - Statistics

General Stats
  • This quiz has been taken 78 times
  • The average score is 271 of 361
Answer Stats
Answer % Correct
a
98%
boy
98%
colored
98%
i
98%
Rose
98%
you
97%
and
95%
to
95%
me
93%
my
93%
no
93%
want
92%
we
92%
"We
92%
all
90%
just
88%
the
87%
i'm
85%
of
85%
glasses
83%
hear
83%
that
83%
off
82%
so
82%
with
82%
don't
80%
see
80%
weather
80%
be
78%
hang
78%
in
78%
pressure
78%
go
77%
Low-key
77%
low-key
77%
making
77%
at
75%
if
75%
cry
73%
noise
73%
on
73%
too
73%
were
73%
about
72%
bit
72%
let
72%
like
72%
little
72%
longer
72%
nervous
72%
annoyed
70%
are
70%
can't
70%
have
70%
world
70%
got
68%
optimist
68%
taken
68%
what
68%
wish
68%
killed
67%
smile
67%
ain't
65%
was
65%
gon'
63%
hearts
63%
make
63%
breaking
62%
raging
62%
'cause
60%
cause
60%
left
60%
oh
60%
hey
58%
is
58%
laugh
58%
right
58%
end
57%
half
57%
it
57%
man
57%
empty
55%
girl
55%
rope
55%
wars
55%
i'll
53%
by
52%
choke
52%
i've
50%
not
48%
you're
47%
lot
45%
been
43%
it's
43%
through
43%
joke
42%
lost
42%
stop
42%
into
40%
stay
40%
turning
38%
but
37%
insisting
37%
alright
35%
pissed
35%
really
32%
car
30%
wanna
30%
now
27%
think
27%
here
25%
know
25%
mind
25%
seeing
25%
anybody
23%
leave
23%
seen
22%
ever
20%
say
20%
"Well
20%
blind"
18%
bright
18%
look
18%
maybe
18%
side"
18%
eyes
17%
dark
15%
getting
15%
gotta
15%
No matching quizzes found
Score Distribution
Percent of People with Each Score
Percentile by Number Answered
Your Score History
You have not taken this quiz